| 000 | 00994pam a2200289 a 4500 | ||
|---|---|---|---|
| 001 | 3923962 | ||
| 003 | ARRUPE | ||
| 005 | 20151030103717.0 | ||
| 008 | 920826s1993 enk 001 0 eng | ||
| 010 | _a 92030480 | ||
| 020 | _a041508928X | ||
| 040 |
_aDLC _cDLC _dDLC |
||
| 043 | _ae-uk--- | ||
| 050 | 0 | 0 |
_aLB1564.G7 _bG72 1993 |
| 082 | 0 | 0 |
_a375/.00941 _220 |
| 100 | 1 |
_aGraham, Duncan, _d1936- _920792 |
|
| 245 | 1 | 2 |
_aA lesson for us all : _bthe making of the national curriculum / _cDuncan Graham with David Tytler. |
| 260 |
_aLondon ; _aNew York : _bRoutledge, _c1993. |
||
| 300 |
_a160 p. ; _c24 cm. |
||
| 500 | _aIncludes index. | ||
| 650 | 0 |
_aEducation _xCurricula _zGreat Britain. _920793 |
|
| 650 | 0 |
_aEducation and state _zGreat Britain. _920794 |
|
| 700 | 1 |
_aTytler, David, _d1941- _920795 |
|
| 906 |
_a7 _bcbc _corignew _d1 _eocip _f19 _gy-gencatlg |
||
| 942 |
_2lcc _cMONOGRAPH |
||
| 999 |
_c123699 _d123699 |
||